ՀՀ Գիտությունների ազգային ակադեմիայի հիմնարար գիտական գրադարան  =   Fundamental Scientific Library of NAS RA

Երջանկութեան ճամբան : (Record no. 536176)

MARC details
000 -LEADER
fixed length control field 00744nam a2200193 a 4500
001 - CONTROL NUMBER
control field 000506761
003 - CONTROL NUMBER IDENTIFIER
control field AM-YEHGA
005 - DATE AND TIME OF LATEST TRANSACTION
control field 20250910151951.0
008 - FIXED-LENGTH DATA ELEMENTS--GENERAL INFORMATION
fixed length control field 061031s1966 le ||||gr|||||||||||arm||
040 ## - CATALOGING SOURCE
Original cataloging agency AM-YeHGA
041 0# - LANGUAGE CODE
Language code of text/sound track or separate title arm
100 1# - MAIN ENTRY--PERSONAL NAME
Personal name Նորունի, Հակոբ,
Dates associated with a name 1926-1985
9 (RLIN) 2742
245 10 - TITLE STATEMENT
Title Երջանկութեան ճամբան :
Remainder of title (Թատերախաղ 5 արար) /
Statement of responsibility, etc. Յ. Նորունի.
260 ## - PUBLICATION, DISTRIBUTION, ETC.
Place of publication, distribution, etc. Պէյրութ :
Name of publisher, distributor, etc. տպ. Տօնիկեան,
Date of publication, distribution, etc. 1966.
300 ## - PHYSICAL DESCRIPTION
Extent 47 էջ ;
Dimensions 20 սմ.
501 ## - WITH NOTE
With note Ալիգ. 1 (120-2006) : Կազմակից է՝ Յ. Նորունի՝ Ինչ շուտ փոխուեցար.-Պէյրութ, 1966
650 14 - SUBJECT ADDED ENTRY--TOPICAL TERM
Topical term or geographic name entry element Հայ գրականություն
General subdivision Թատերգություն
942 ## - ADDED ENTRY ELEMENTS (KOHA)
Source of classification or shelving scheme Universal Decimal Classification
Koha item type Գրքեր / Books

No items available.


ՀՀ ԳԱԱ հիմնարար գիտական գրադարան
ՀՀ,Երևան 0019
Մարշալ Բաղրամյան 24/6
հեռախոս:(374-10) 52-47-50
Հետադարձ կապ

All site content, except where otherwise noted, is licensed under a
Creative Commons License